effect of organic mulch on yield of lectuce ( Lactuca Sativa L.)ឥទ្ធពលគម្របសរីរាង្គទៅលើការលូតលាស់និងទិន្នផលដំណាំសាលាដ (Record no. 18236)

000 -LEADER
fixed length control field 00609nam a22001577a 4500
003 - CONTROL NUMBER IDENTIFIER
control field OSt
005 - DATE AND TIME OF LATEST TRANSACTION
control field 20190904153946.0
008 - FIXED-LENGTH DATA ELEMENTS--GENERAL INFORMATION
fixed length control field 190904b xxu||||| |||| 00| 0 eng d
040 ## - CATALOGING SOURCE
Transcribing agency RUA
082 ## - DEWEY DECIMAL CLASSIFICATION NUMBER
Classification number AGR YO 2017 B646 Or.1
100 ## - MAIN ENTRY--PERSONAL NAME
9 (RLIN) 13910
Personal name YO CHANTHA យូ ចាន្ថា
245 ## - TITLE STATEMENT
Title effect of organic mulch on yield of lectuce ( Lactuca Sativa L.)ឥទ្ធពលគម្របសរីរាង្គទៅលើការលូតលាស់និងទិន្នផលដំណាំសាលាដ
260 ## - PUBLICATION, DISTRIBUTION, ETC. (IMPRINT)
Place of publication, distribution, etc. RUA
Name of publisher, distributor, etc. phnom penh
Date of publication, distribution, etc. 2017
300 ## - PHYSICAL DESCRIPTION
Extent x;34p
Other physical details ill;
Dimensions 29cm
942 ## - ADDED ENTRY ELEMENTS (KOHA)
Source of classification or shelving scheme
Koha item type AGR
Holdings
Price effective from Date last seen Permanent Location Not for loan Date acquired Source of classification or shelving scheme Koha item type Lost status Withdrawn status Total Renewals Date last checked out Total Checkouts Shelving location Damaged status Barcode Current Location Full call number
2019-09-042020-11-10Library Block B 2019-09-04 AGR   2020-10-261B646 A43885Library Block BAGR YO 2017 B646 Or.1
2019-09-042022-07-19Library Block B 2019-09-04 AGR   2022-07-162B646 A43522Library Block BAGR YO 2017 B646 Or.2
2019-09-042019-09-04Library Block B 2019-09-04 AGR     B646 A43447Library Block BAGR YO 2017 B646 Or.3
2019-09-042022-03-11Library Block B 2019-09-04 AGR   2022-02-151B646 A43072Library Block BAGR YO 2017 B646 Or.4
2019-09-042024-07-08Library Block B 2019-09-04 AGR   2024-06-172B646 A43890Library Block BAGR YO 2017 B646 Or.5
2019-09-042020-08-24Library Block B 2019-09-04 AGR  12020-08-104B646 A43222Library Block BAGR YO 2017 B646 Or.6
មជ្ឈមណ្ឌលឯការនៃសាកលវិទ្យាល័យភូមិន្ទកសិកម្មចំការដូង

Powered by Koha